000 00613cam a22002297a 4500
001 000917
003 armpunfd
005 20140612090624.0
008 011019e1944####xx#a##########000#0#und#d
040 _aarmpunfd
_carmpunfd
080 _a347.91 C 215
100 1 0 _a Carnelutti, Francisco
245 1 0 _aSistema de derecho procesal civil
260 _a Buenos Aires
_b Uteha
_cC1944
300 _a4 v.
650 7 _a Derecho Procesal Civil
_2LEMB
942 _cLB
_2cdu
945 _aCatalis
_d2010-08-19
945 _aCatalis
_d2010-08-19
945 _aCatalis
_d2010-08-19
945 _aCatalis
_d2010-08-19
999 _c908
_d231412